[Event "Druga liga centralne Srbije grupa "]
[Site "?"]
[Date "2016.10.07"]
[Round "7.1"]
[White "Irizanin, Radoje"]
[Black "Danilovic, Aleksandar"]
[Result "0-1"]
[WhiteElo "2317"]
[BlackElo "2400"]
[PlyCount "106"]
[EventDate "2016.09.04"]

1. d4 f5 2. e4 fxe4 3. Nc3 Nf6 4. Bg5 Nc6 5. d5 Ne5 6. Qd4 Nf7 7. h4 c6 8.
O-O-O Qb6 9. Bxf6 gxf6 10. Qxe4 Qxf2 11. Nf3 Bh6+ 12. Kb1 Qe3 13. Qg4 d6 14.
Qh5 O-O 15. Bd3 Qf4 16. Nh2 f5 17. g4 fxg4 18. Rde1 Ne5 19. Rhf1 Nf3 20. Nxf3
gxf3 21. Rxf3 Qxf3 22. Bxh7+ Kh8 23. Qxh6 Qf4 24. Qxf4 Rxf4 25. Bd3 Rf7 26. b3
Bd7 27. h5 Raf8 28. Kb2 Bg4 29. h6 Bf3 30. Bg6 Rf6 31. Bd3 R8f7 32. Bc4 b5 33.
Bd3 cxd5 34. Nxb5 e5 35. a4 Rxh6 36. a5 d4 37. a6 Kg7 38. Rg1+ Kf8 39. Re1 Bc6
40. Ka3 Bxb5 41. Bxb5 Rh8 42. Kb4 Ke7 43. Bc4 Rg7 44. Kb5 Kd7 45. Bd3 Ke6 46.
b4 d5 47. Ka5 e4 48. b5 Kd6 49. Bxe4 dxe4 50. Rxe4 Kd5 51. Rf4 Rc8 52. Rf5+ Ke4
53. Rf2 Rgc7 0-1

[Event "Druga liga centralne Srbije grupa "]
[Site "?"]
[Date "2016.10.07"]
[Round "7.1"]
[White "Bugarcic, Ivan"]
[Black "Mirkovic, Stevan"]
[Result "0-1"]
[WhiteElo "2177"]
[BlackElo "2306"]
[PlyCount "120"]
[EventDate "2016.09.04"]

1. e4 c6 2. d3 d5 3. Nc3 g6 4. g3 Bg7 5. Bg2 dxe4 6. Nxe4 Nd7 7. h4 Ngf6 8. Nf3
Nxe4 9. dxe4 Qa5+ 10. c3 Nf6 11. Qc2 Bg4 12. Bf4 O-O 13. O-O Rad8 14. a4 Qh5
15. Ne5 Bh6 16. Bxh6 Qxh6 17. Nxg4 Nxg4 18. Rfd1 Ne5 19. Rd4 Qh5 20. Qd1 Qxd1+
21. Raxd1 Rxd4 22. Rxd4 Rb8 23. f4 Ng4 24. b4 Kf8 25. Bf3 Nh6 26. Kf2 Ke8 27.
Ke3 f6 28. b5 c5 29. Rd5 b6 30. g4 Nf7 31. e5 fxe5 32. fxe5 e6 33. Rd1 Nxe5 34.
Be2 Ke7 35. Ra1 Nf7 36. Bd3 Nd6 37. c4 Kf6 38. Rf1+ Ke7 39. h5 gxh5 40. gxh5 h6
41. Rg1 Nf7 42. Rg7 Kf6 43. Rg6+ Ke5 44. Rg7 Rb7 45. Be4 Rd7 46. Bg6 Kf6 47.
Rg8 Ne5 48. Kf4 Rd4+ 49. Be4 Rxc4 50. Rf8+ Nf7 51. a5 bxa5 52. Ke3 Ke7 53. Ra8
Nd6 54. Rxa7+ Kf6 55. Bc6 Rb4 56. Kd3 c4+ 57. Kc2 Nxb5 58. Rd7 c3 59. Bxb5 Rxb5
60. Kxc3 Rxh5 0-1

[Event "Druga liga centralne Srbije grupa "]
[Site "?"]
[Date "2016.10.07"]
[Round "7.1"]
[White "Smolovic, Mile"]
[Black "Naskovic, Filip"]
[Result "1-0"]
[WhiteElo "2291"]
[BlackElo "2223"]
[PlyCount "75"]
[EventDate "2016.09.04"]

1. e4 c5 2. Nc3 Nc6 3. Bb5 g6 4. Bxc6 bxc6 5. d3 Bg7 6. f4 d6 7. Nf3 Nf6 8. O-O
O-O 9. Qe1 Ne8 10. b3 Nc7 11. Bb2 Nb5 12. Nd1 Nd4 13. Qf2 Qb6 14. Kh1 Bg4 15.
Nh4 Bxd1 16. Raxd1 f5 17. exf5 gxf5 18. Qg3 Rf7 19. Rde1 Kh8 20. Bxd4 cxd4 21.
Qh3 Bf8 22. Re2 Qc5 23. Nf3 Rf6 24. Ng5 h6 25. Ne6 Qc3 26. g4 Qa5 27. gxf5 Qxf5
28. Qxf5 Rxf5 29. Nxd4 Rc5 30. c4 Kg8 31. b4 Rh5 32. Nxc6 Kf7 33. Kg2 a6 34.
Kg3 Rf5 35. Rfe1 Re8 36. d4 d5 37. c5 e6 38. Rxe6 1-0

[Event "Druga liga centralne Srbije grupa "]
[Site "?"]
[Date "2016.10.07"]
[Round "7.1"]
[White "Kolarevic, Darko"]
[Black "Gavrilovic, Leonardo"]
[Result "1/2-1/2"]
[WhiteElo "2169"]
[BlackElo "2226"]
[PlyCount "79"]
[EventDate "2016.09.04"]

1. d4 Nf6 2. c4 e6 3. Nc3 Bb4 4. e3 b6 5. Nge2 Bb7 6. a3 Be7 7. Nf4 O-O 8. Bd3
d6 9. d5 e5 10. Nfe2 Nbd7 11. b4 c6 12. e4 a6 13. dxc6 Bxc6 14. Nd5 Nxd5 15.
cxd5 Bb7 16. Ng3 g6 17. Bh6 Re8 18. Qd2 Nf6 19. f3 Kh8 20. O-O Ng8 21. Be3 h6
22. Rfc1 Bg5 23. Bxg5 Qxg5 24. Qxg5 hxg5 25. Rc7 Re7 26. Rac1 Rae8 27. Rxe7
Rxe7 28. Kf2 Nf6 29. h3 Ne8 30. Ke2 Kg7 31. Nf1 Rc7 32. Rxc7 Nxc7 33. Ne3 b5
34. g4 Bc8 35. Kd2 Kf8 36. Kc3 Bd7 37. Nc2 Ke7 38. Ne3 Na8 39. Kb3 Nb6 40. Kc3
1/2-1/2

[Event "Druga liga centralne Srbije grupa "]
[Site "?"]
[Date "2016.10.07"]
[Round "7.1"]
[White "Matovic, Petar"]
[Black "Gavrilovic, Vladan"]
[Result "0-1"]
[WhiteElo "2159"]
[BlackElo "2178"]
[PlyCount "76"]
[EventDate "2016.09.04"]

1. d4 Nf6 2. Nf3 e6 3. Bf4 b6 4. e3 Bb7 5. Bd3 Be7 6. h3 O-O 7. Nbd2 d5 8. Ne5
Nbd7 9. Qf3 c5 10. h4 c4 11. Bxc4 dxc4 12. Qxb7 Nxe5 13. Bxe5 c3 14. bxc3 Rc8
15. Bxf6 gxf6 16. c4 Bb4 17. Ke2 Bxd2 18. Kxd2 Rxc4 19. c3 Ra4 20. Qc6 Ra5 21.
a4 Rc5 22. Qb7 Rc7 23. Qe4 Kh8 24. Rhb1 Qd7 25. Rb5 f5 26. Qd3 Rfc8 27. Rc1 Rc4
28. e4 fxe4 29. Qxe4 f6 30. Qf4 Qe7 31. a5 e5 32. Qe4 Qc7 33. axb6 axb6 34. Qf3
Rxd4+ 35. Ke1 Rf4 36. Qe3 Qc6 37. Qxb6 Qxg2 38. Rb4 Qg1+ 0-1

[Event "Druga liga centralne Srbije grupa "]
[Site "?"]
[Date "2016.10.07"]
[Round "7.1"]
[White "Milikic, Milorad"]
[Black "Andjelic, Stevan"]
[Result "0-1"]
[WhiteElo "2056"]
[BlackElo "2112"]
[PlyCount "82"]
[EventDate "2016.09.04"]

1. e4 Nf6 2. Nc3 d5 3. e5 Nfd7 4. d4 e6 5. Nf3 c5 6. Bb5 Nc6 7. O-O cxd4 8.
Nxd4 Qb6 9. Nf3 Bb4 10. Qe2 a6 11. Bd3 Qc7 12. Bf4 Ne7 13. Bg3 Nc5 14. Rac1 Bd7
15. Nb1 Rc8 16. Nd4 Nxd3 17. Qxd3 Bc5 18. Nd2 b5 19. c3 O-O 20. N2b3 Bb6 21. f4
Qc4 22. Qb1 a5 23. Bf2 b4 24. g4 Ng6 25. Bg3 a4 26. Nd2 Bxd4+ 27. cxd4 Qxd4+
28. Rf2 Rxc1+ 29. Qxc1 Rc8 30. Qb1 Bb5 31. Nf3 Qe3 32. Nd2 Bd3 33. Qd1 Bb5 34.
Qf3 Rc1+ 35. Kg2 Qe1 36. f5 Nxe5 37. Qf4 f6 38. fxe6 Qd1 39. g5 Bc6 40. gxf6
d4+ 41. Ne4 gxf6 0-1

[Event "Druga liga centralne Srbije grupa "]
[Site "?"]
[Date "2016.10.07"]
[Round "7.2"]
[White "Ostojic, Nikola"]
[Black "Savicevic, Vlatko"]
[Result "1/2-1/2"]
[WhiteElo "2421"]
[BlackElo "2340"]
[PlyCount "27"]
[EventDate "2016.09.04"]

1. c4 e6 2. Nf3 d5 3. b3 Nf6 4. g3 Be7 5. Bg2 b6 6. Bb2 Bb7 7. O-O O-O 8. e3
Nbd7 9. Nc3 Ne4 10. Qc2 Nxc3 11. Bxc3 c5 12. cxd5 Bxd5 13. Rfd1 Rc8 14. Qb2
1/2-1/2

[Event "Druga liga centralne Srbije grupa "]
[Site "?"]
[Date "2016.10.07"]
[Round "7.2"]
[White "Simic, Dragisa"]
[Black "Nestorovic, Lazar"]
[Result "0-1"]
[WhiteElo "2290"]
[BlackElo "2378"]
[PlyCount "73"]
[EventDate "2016.09.04"]

1. e4 c5 2. Nf3 e6 3. d4 cxd4 4. Nxd4 Nf6 5. Nc3 d6 6. Be2 Be7 7. Be3 O-O 8.
Qd2 Nc6 9. O-O-O a6 10. f4 Nd7 11. g4 Nxd4 12. Bxd4 b5 13. Bf3 e5 14. Be3 exf4
15. Bxf4 Ne5 16. Be2 Be6 17. g5 f5 18. gxf6 Rxf6 19. Nd5 Rf7 20. Nxe7+ Qxe7 21.
Bg5 Qb7 22. Qe3 Qc6 23. Kb1 Rc8 24. Rd2 Bf5 25. Bd3 Re8 26. Re1 Bg6 27. Bf4 Ng4
28. Qg3 Nf6 29. Bg5 Nxe4 30. Bxe4 Rxe4 31. Rxe4 Qxe4 32. b3 h6 33. Bd8 d5 34.
Bb6 Rf3 35. Qb8+ Kh7 36. Kb2 Qb4 37. Rf2 0-1

[Event "Druga liga centralne Srbije grupa "]
[Site "?"]
[Date "2016.10.07"]
[Round "7.2"]
[White "Zivkovic, Dejan"]
[Black "Biljanic, Ljubomir"]
[Result "1-0"]
[WhiteElo "2287"]
[BlackElo "2218"]
[PlyCount "84"]
[EventDate "2016.09.04"]

1. d4 Nf6 2. Bg5 e6 3. e3 Be7 4. Bd3 Nd5 5. Bxe7 Qxe7 6. c4 Nf6 7. Nc3 d6 8.
Nge2 O-O 9. e4 e5 10. d5 Nh5 11. Qd2 Nd7 12. f3 a5 13. O-O-O Nc5 14. Bc2 Bd7
15. g4 Nf6 16. Ng3 a4 17. Nf5 Bxf5 18. exf5 Nfd7 19. b4 axb3 20. axb3 Ra3 21.
Kb2 Rfa8 22. Ra1 Rxa1 23. Rxa1 Rxa1 24. Kxa1 Qh4 25. Kb2 Qh3 26. Qf2 e4 27.
Nxe4 Nxe4 28. Bxe4 b6 29. g5 f6 30. g6 Qh6 31. f4 Qh5 32. Bc2 hxg6 33. fxg6 Nf8
34. f5 Qg5 35. h4 Qg4 36. Qe3 b5 37. cxb5 Qxh4 38. Qc3 Qf2 39. Qxc7 Qd4+ 40.
Ka3 Qxd5 41. Qc4 Qxc4 42. bxc4 Nd7 1-0

[Event "Druga liga centralne Srbije grupa "]
[Site "?"]
[Date "2016.10.07"]
[Round "7.2"]
[White "Djosic, Slavoljub"]
[Black "Zivkovic, Sava"]
[Result "0-1"]
[WhiteElo "2287"]
[BlackElo "2273"]
[PlyCount "80"]
[EventDate "2016.09.04"]

1. b3 d5 2. Bb2 Nf6 3. g3 Bf5 4. Bg2 e6 5. d3 c6 6. Nd2 a5 7. a4 Bc5 8. e3 Nbd7
9. Ne2 Qb6 10. O-O O-O 11. h3 h6 12. e4 Bh7 13. Kh2 e5 14. f4 exf4 15. Nxf4 Bd4
16. Bxd4 Qxd4 17. Nf3 Qc3 18. Ne2 Qc5 19. e5 Ne8 20. Nf4 Nc7 21. c4 d4 22. Qe2
Rae8 23. Rae1 Re7 24. Qb2 Nxe5 25. Nxd4 Nxd3 26. Nxd3 Bxd3 27. Rf5 Qb4 28. Rxe7
Qxe7 29. Rxa5 Qf6 30. Qc3 Bg6 31. Qe3 Rd8 32. Nf3 Rd3 33. Qb6 Rxf3 34. Qxc7 Rf2
35. Kg1 Rxg2+ 36. Kxg2 Be4+ 37. Kg1 Qf3 38. Qd8+ Kh7 39. Qd2 Qxg3+ 40. Kf1 Bd3+
0-1

[Event "Druga liga centralne Srbije grupa "]
[Site "?"]
[Date "2016.10.07"]
[Round "7.2"]
[White "Ignjatovic, Predrag"]
[Black "Rajevic, Gavrilo"]
[Result "1-0"]
[WhiteElo "2270"]
[BlackElo "2264"]
[PlyCount "53"]
[EventDate "2016.09.04"]

1. e4 c5 2. Nc3 Nc6 3. g3 g6 4. Bg2 Bg7 5. d3 d6 6. Be3 e6 7. Qd2 Rb8 8. Nh3 b5
9. O-O b4 10. Nd1 Nge7 11. Bh6 O-O 12. Bxg7 Kxg7 13. a3 a5 14. axb4 axb4 15.
Ne3 d5 16. exd5 exd5 17. Nf4 d4 18. Nc4 Bb7 19. h4 Nf5 20. Rfe1 Nd6 21. Ne5
Nxe5 22. Rxe5 Bxg2 23. Kxg2 c4 24. Ra7 Kg8 25. Nd5 c3 26. bxc3 bxc3 27. Qh6 1-0

[Event "Druga liga centralne Srbije grupa "]
[Site "?"]
[Date "2016.10.07"]
[Round "7.2"]
[White "Pavlovic, Nebojsa"]
[Black "Nenadovic, Ljubisa"]
[Result "1-0"]
[WhiteElo "2317"]
[BlackElo "2086"]
[PlyCount "55"]
[EventDate "2016.09.04"]

1. e4 c5 2. Nf3 e6 3. d4 cxd4 4. Nxd4 Nc6 5. Nc3 Qc7 6. Be2 Nf6 7. O-O a6 8.
Be3 Be7 9. f4 d6 10. Kh1 O-O 11. Qe1 Nxd4 12. Bxd4 e5 13. fxe5 dxe5 14. Qg3 Bd6
15. Be3 Ne8 16. Bd3 Be6 17. Rf3 b5 18. Raf1 b4 19. Na4 Rb8 20. Qf2 Qc6 21. b3
Be7 22. Nc5 Bxc5 23. Bxc5 Nd6 24. a3 bxa3 25. Bxa3 Rfc8 26. Qg3 Nb5 27. Be7 Qe8
28. Qxg7+ 1-0

[Event "Druga liga centralne Srbije grupa "]
[Site "?"]
[Date "2016.10.07"]
[Round "7.2"]
[White "Savic, Dragan"]
[Black "Markovic, Aleksandar"]
[Result "1/2-1/2"]
[WhiteElo "2077"]
[BlackElo "2170"]
[PlyCount "51"]
[EventDate "2016.09.04"]

1. e4 d6 2. d4 Nf6 3. Nc3 e5 4. Nf3 Nbd7 5. Bc4 Be7 6. O-O O-O 7. Re1 c6 8. a4
exd4 9. Qxd4 Ne5 10. Nxe5 dxe5 11. Qxd8 Rxd8 12. h3 Bb4 13. Bg5 Rd4 14. Bb3 Be6
15. Bxe6 fxe6 16. f3 Rad8 17. Be3 Rc4 18. Red1 Rxd1+ 19. Nxd1 Rxc2 20. Bxa7 Nh5
21. Rb1 Nf4 22. Nf2 Ne2+ 23. Kf1 Ng3+ 24. Kg1 Ne2+ 25. Kf1 Ng3+ 26. Kg1 1/2-1/2

[Event "Druga liga centralne Srbije grupa "]
[Site "?"]
[Date "2016.10.07"]
[Round "7.3"]
[White "Stojanovic, Marko"]
[Black "Mrsevic, Miroslav"]
[Result "1-0"]
[WhiteElo "2308"]
[BlackElo "2255"]
[PlyCount "157"]
[EventDate "2016.09.04"]

1. e4 e5 2. Nf3 d6 3. Bc4 Nf6 4. Qe2 Be7 5. Nc3 c6 6. a4 O-O 7. O-O Bg4 8. h3
Bh5 9. d3 a5 10. Re1 Na6 11. g4 Bg6 12. Ba2 Nb4 13. Bb3 Kh8 14. Qf1 Nd7 15. Na2
Na6 16. c3 f6 17. d4 Qb6 18. Bc2 d5 19. Nh4 Bxe4 20. Bxe4 dxe4 21. Nf5 Rae8 22.
Rxe4 g6 23. Nxe7 Rxe7 24. Re2 Qb3 25. f4 Ree8 26. Qe1 Qd5 27. Be3 exd4 28. Bxd4
Nc7 29. Bf2 Qc4 30. Rxe8 Rxe8 31. Qd2 Nc5 32. Qd4 Qxd4 33. Bxd4 Nxa4 34. Bxf6+
Kg8 35. c4 Re4 36. Nc3 Rxf4 37. Be5 Nxc3 38. bxc3 Rf7 39. Rxa5 Na6 40. Kg2 Kf8
41. Ra1 Ke8 42. Bd6 Kd8 43. Kg3 c5 44. Rd1 Kc8 45. Re1 Kd7 46. Rd1 Kc8 47. Rd5
b6 48. Bf4 Kb7 49. h4 Nc7 50. Re5 Kc6 51. h5 gxh5 52. Rxh5 Rd7 53. Rh6+ Kb7 54.
g5 Ka6 55. Kg4 Ka5 56. Rh1 Ka6 57. Rb1 Rf7 58. Bg3 Kb7 59. Kh5 Kc6 60. Ra1 Ne6
61. Rd1 Ng7+ 62. Kg4 Kb7 63. Rd5 Kc6 64. Rd6+ Kb7 65. Rf6 Re7 66. Rh6 Ne8 67.
Kf5 Rd7 68. Be5 Ka6 69. Ke6 Ra7 70. Kd5 Re7 71. Bf6 Nc7+ 72. Kd6 Rf7 73. Bd8
Kb7 74. Rh1 Kc8 75. Bf6 Rd7+ 76. Kc6 Na8 77. Be5 Re7 78. Bd6 Rd7 79. Rf1 1-0

[Event "Druga liga centralne Srbije grupa "]
[Site "?"]
[Date "2016.10.07"]
[Round "7.3"]
[White "Kahrovic, Mersid"]
[Black "Ilic, Zdravko"]
[Result "1/2-1/2"]
[WhiteElo "2296"]
[BlackElo "2151"]
[PlyCount "32"]
[EventDate "2016.09.04"]

1. c4 Nf6 2. Nc3 c5 3. g3 g6 4. Bg2 Bg7 5. d3 O-O 6. Bg5 h6 7. Be3 d6 8. Qb3
Nc6 9. Nf3 e5 10. O-O Re8 11. Bd2 Nd4 12. Qd1 Rb8 13. e3 Nc6 14. Ne1 Bg4 15.
Qb3 Qd7 16. Nd5 Be2 1/2-1/2

[Event "Druga liga centralne Srbije grupa "]
[Site "?"]
[Date "2016.10.07"]
[Round "7.3"]
[White "Savic, Petar A"]
[Black "Dumic, Marko"]
[Result "0-1"]
[WhiteElo "2073"]
[BlackElo "2270"]
[PlyCount "125"]
[EventDate "2016.09.04"]

1. c4 e6 2. Nc3 d5 3. e3 f5 4. Nf3 Nf6 5. d4 c6 6. Bd3 Bd6 7. Qc2 O-O 8. a3 Bd7
9. Qb3 b6 10. O-O Be8 11. Re1 Nbd7 12. cxd5 cxd5 13. g3 Bh5 14. Nh4 Kh8 15. Ng2
Qe7 16. Nf4 Bf3 17. Be2 Bxe2 18. Rxe2 a6 19. Bd2 Rfc8 20. f3 g5 21. Nd3 g4 22.
f4 b5 23. Kg2 Nb6 24. Rh1 Rc7 25. h3 Nc4 26. Bc1 Rac8 27. a4 b4 28. Nb1 gxh3+
29. Rxh3 Ne4 30. Qd1 Rg8 31. Nf2 Nxf2 32. Rxf2 Rg4 33. b3 Na5 34. Bb2 Qd7 35.
Nd2 Be7 36. Nf3 Bf6 37. Qd3 Qc6 38. Ne1 Qb7 39. Kf3 Nc4 40. Ba1 Nd6 41. Bb2 Ne4
42. Rg2 Rcg7 43. Qc2 Rc7 44. Qd1 Qc8 45. Nd3 a5 46. Qh1 Qg8 47. Qe1 Qg6 48. Nc1
Rg7 49. Ne2 Rxf4+ 50. exf4 Qg4+ 51. Ke3 Qxh3 52. Kf3 h5 53. Ng1 Qg4+ 54. Ke3 h4
55. Nf3 hxg3 56. Qc1 Qh3 57. Qc2 Qh1 58. Rg1 g2 59. Qc8+ Kh7 60. Qxe6 Qh3 61.
Ke2 Re7 62. Qc6 Qg3 63. Kd1 0-1

[Event "Druga liga centralne Srbije grupa "]
[Site "?"]
[Date "2016.10.07"]
[Round "7.3"]
[White "Brajovic, Miroljub"]
[Black "Rikalovic, Milan"]
[Result "0-1"]
[WhiteElo "2083"]
[BlackElo "2017"]
[PlyCount "176"]
[EventDate "2016.09.04"]

1. e4 e6 2. d4 d5 3. exd5 exd5 4. c4 Nf6 5. Nf3 Bb4+ 6. Nc3 O-O 7. Be2 Ne4 8.
Qb3 Bxc3+ 9. bxc3 dxc4 10. Bxc4 Nd6 11. Bd3 h6 12. O-O b6 13. Qd5 Bb7 14. Qh5
Qf6 15. Ne5 Re8 16. f3 Ba6 17. Bxa6 Nxa6 18. g4 c5 19. Bd2 cxd4 20. cxd4 Rac8
21. Rac1 Qe6 22. Bf4 Qd5 23. Rcd1 f6 24. Bxh6 fxe5 25. Bxg7 Kxg7 26. Qg5+ Kf7
27. dxe5 Qc5+ 28. Kh1 Rxe5 29. Qf4+ Ke7 30. Qh6 Rf8 31. Qh4+ Kd7 32. Qh7+ Re7
33. Qh6 Rfe8 34. Qg6 Rh8 35. Rd2 Qe5 36. Rfd1 Kc7 37. Qxd6+ Qxd6 38. Rxd6 Re2
39. Rd7+ Kc6 40. R1d6+ Kb5 41. a4+ Kxa4 42. Rxa7 Kb5 43. Rb7 Rhxh2+ 44. Kg1
Rhg2+ 45. Kf1 Rgf2+ 46. Kg1 Nc5 47. Rbxb6+ Kc4 48. Rf6 Nd3 49. Rbc6+ Kd4 50.
Rfd6+ Ke3 51. Re6+ Kxf3 52. Rxe2 Rxe2 53. Rc3 Ke4 54. g5 Ne5 55. Ra3 Kf5 56.
Ra5 Kxg5 57. Kf1 Re4 58. Ra8 Kf4 59. Rf8+ Kg3 60. Rg8+ Ng4 61. Rg7 Rb4 62. Ke2
Rb3 63. Rg8 Kf4 64. Kd2 Ne5 65. Rh8 Rg3 66. Rf8+ Ke4 67. Re8 Rh3 68. Re7 Kd4
69. Kc2 Re3 70. Rh7 Rc3+ 71. Kd2 Nc4+ 72. Ke2 Rc2+ 73. Kf3 Ne5+ 74. Kg3 Rc3+
75. Kg2 Ng6 76. Rd7+ Ke4 77. Ra7 Nf4+ 78. Kh2 Rc2+ 79. Kg1 Nd5 80. Ra8 Kf3 81.
Ra3+ Ne3 82. Rb3 Re2 83. Ra3 Kg3 84. Ra1 Nc2 85. Rb1 Nd4 86. Kf1 Rf2+ 87. Ke1
Nc2+ 88. Kd1 Ne3+ 0-1

[Event "Druga liga centralne Srbije grupa "]
[Site "?"]
[Date "2016.10.07"]
[Round "7.3"]
[White "Jakovljevic, Ljubomir"]
[Black "Musovic, Sabrija"]
[Result "0-1"]
[WhiteElo "1922"]
[BlackElo "2069"]
[PlyCount "72"]
[EventDate "2016.09.04"]

1. e4 c5 2. Nf3 d6 3. d4 cxd4 4. Nxd4 Nf6 5. Bd3 Nc6 6. c3 g6 7. O-O Bg7 8. Nf3
O-O 9. h3 Qb6 10. Na3 Rd8 11. Nc4 Qc7 12. Qe2 d5 13. exd5 Nxd5 14. Be3 b5 15.
Na3 b4 16. Nb5 Qa5 17. Nbd4 Bb7 18. Nxc6 Bxc6 19. Nd4 Bb7 20. Nb3 Qc7 21. c4
Nxe3 22. fxe3 a5 23. Rad1 Rac8 24. Nc1 Qg3 25. Qf2 Qxf2+ 26. Kxf2 Bxb2 27. Be2
Bxc1 28. Rxd8+ Rxd8 29. Rxc1 Rd2 30. c5 Ba6 31. Re1 Rxa2 32. Kf1 Bxe2+ 33. Rxe2
b3 34. c6 Rc2 35. c7 Rxc7 36. Rb2 a4 0-1

[Event "Druga liga centralne Srbije grupa "]
[Site "?"]
[Date "2016.10.07"]
[Round "7.4"]
[White "Gajic, Branko"]
[Black "Bojovic, Dusan"]
[Result "1/2-1/2"]
[WhiteElo "2204"]
[BlackElo "2246"]
[PlyCount "33"]
[EventDate "2016.09.04"]

1. e4 c5 2. Nf3 Nc6 3. d4 cxd4 4. Nxd4 g6 5. c4 Bg7 6. Be3 d6 7. Nc3 Nf6 8. f3
O-O 9. Be2 Nxd4 10. Bxd4 Be6 11. O-O Nd7 12. Bxg7 Kxg7 13. Qd4+ Kg8 14. Nd5
Bxd5 15. cxd5 Qb6 16. Qxb6 Nxb6 17. Rac1 1/2-1/2

[Event "Druga liga centralne Srbije grupa "]
[Site "?"]
[Date "2016.10.07"]
[Round "7.4"]
[White "Toth, Aleksandar"]
[Black "Cabarkapa, Mijomir"]
[Result "1/2-1/2"]
[WhiteElo "2341"]
[BlackElo "2182"]
[PlyCount "66"]
[EventDate "2016.09.04"]

1. e4 e6 2. d3 d5 3. Nd2 c5 4. Ngf3 Nc6 5. g3 Nf6 6. Bg2 Be7 7. O-O O-O 8. Re1
dxe4 9. dxe4 e5 10. c3 Qc7 11. Qc2 Bg4 12. Nc4 Rad8 13. Ne3 Bc8 14. Nd5 Qb8 15.
Nxe7+ Nxe7 16. Bg5 Ng6 17. Bxf6 gxf6 18. Nd2 Be6 19. Nf1 Ne7 20. Ne3 Rd7 21.
Red1 Rfd8 22. Bf3 Kg7 23. a4 Qc7 24. Bg4 Qc6 25. Rxd7 Rxd7 26. Bxe6 fxe6 27.
Nc4 b6 28. Qe2 Ng6 29. h4 Nf8 30. Qg4+ Kf7 31. Qh5+ Kg7 32. Qg4+ Kf7 33. Qh5+
Kg7 1/2-1/2

[Event "Druga liga centralne Srbije grupa "]
[Site "?"]
[Date "2016.10.07"]
[Round "7.4"]
[White "Dragasevic, Dragan"]
[Black "Jovanovic, Miroslav O"]
[Result "1/2-1/2"]
[WhiteElo "2190"]
[BlackElo "2101"]
[PlyCount "58"]
[EventDate "2016.09.04"]

1. d4 Nf6 2. c4 e6 3. Nc3 Bb4 4. Nf3 c5 5. Bd2 cxd4 6. Nxd4 Be7 7. e4 d6 8. Be2
a6 9. O-O Nbd7 10. Be3 Qc7 11. Rc1 b6 12. f3 Bb7 13. Qe1 O-O 14. Qf2 Rac8 15.
Rfd1 Rfe8 16. g4 Nf8 17. Na4 N6d7 18. b4 Bd8 19. a3 Qb8 20. Nb3 Ba8 21. Nc3 Bb7
22. Bd4 Ng6 23. Be3 Bh4 24. Qf1 Bd8 25. Qe1 Bc7 26. Qf2 Rcd8 27. Rb1 Ba8 28.
Rd2 Nf6 29. Rbd1 h6 1/2-1/2

[Event "Druga liga centralne Srbije grupa "]
[Site "?"]
[Date "2016.10.07"]
[Round "7.4"]
[White "Jovanovic, Obrad"]
[Black "Jovcic, Zoran"]
[Result "1-0"]
[WhiteElo "2088"]
[BlackElo "2149"]
[PlyCount "69"]
[EventDate "2016.09.04"]

1. e4 c5 2. Nf3 d6 3. d4 cxd4 4. Nxd4 Nf6 5. Nc3 a6 6. f3 e6 7. Be3 Qc7 8. Qd2
Nc6 9. g4 Nd7 10. O-O-O Nde5 11. Nb3 Nxf3 12. Qf2 Nfe5 13. Bb6 Qe7 14. Be2 Nxg4
15. Bxg4 Qg5+ 16. Be3 Qxg4 17. Rhg1 Qh5 18. Rg5 Qh6 19. Rf5 Qh3 20. Rxf7 Ne5
21. Rc7 Be7 22. Bd4 Qh6+ 23. Kb1 Rf8 24. Qg3 Rf3 25. Qg2 Rf7 26. Bxe5 dxe5 27.
Na4 Qe3 28. Rc3 Qa7 29. Qd2 Rf2 30. Rxc8+ Kf7 31. Qd7 Rxc8 32. Qxc8 Qe3 33.
Nac5 Bxc5 34. Nxc5 Qd2 35. Qxe6+ 1-0

[Event "Druga liga centralne Srbije grupa "]
[Site "?"]
[Date "2016.10.07"]
[Round "7.4"]
[White "Bojovic, Zoran"]
[Black "Nikolic, Ivan D"]
[Result "1/2-1/2"]
[WhiteElo "2083"]
[BlackElo "1818"]
[PlyCount "24"]
[EventDate "2016.09.04"]

1. e4 d6 2. d4 Nf6 3. Nc3 g6 4. h3 Bg7 5. Nf3 O-O 6. Bc4 c5 7. dxc5 Qa5 8. O-O
Qxc5 9. Bb3 Nc6 10. Be3 Qh5 11. Nh2 Qh4 12. Nf3 Qh5 1/2-1/2

[Event "Druga liga centralne Srbije grupa "]
[Site "?"]
[Date "2016.10.07"]
[Round "7.5"]
[White "Vujic, Mihailo"]
[Black "Bzenic, Dejan"]
[Result "1-0"]
[WhiteElo "2331"]
[BlackElo "2294"]
[PlyCount "91"]
[EventDate "2016.09.04"]

1. e4 e5 2. Nf3 Nc6 3. d4 exd4 4. Nxd4 Bc5 5. Nxc6 Qf6 6. Qf3 Qxf3 7. gxf3 dxc6
8. Rg1 g6 9. Be3 Bxe3 10. fxe3 Be6 11. Nc3 O-O-O 12. f4 Ne7 13. Bd3 f5 14. e5
Nd5 15. Nxd5 cxd5 16. c3 Rd7 17. h4 Rg8 18. Kf2 Rdg7 19. Rg3 Kd8 20. Rag1 Ke8
21. a3 Kf8 22. Rg5 h6 23. R5g3 h5 24. Rg5 Kf7 25. Bc2 c5 26. Bd1 Rh8 27. Bf3
Rhg8 28. b4 c4 29. Rd1 Rd8 30. e4 fxe4 31. Bxe4 Rgg8 32. Bc2 Bf5 33. Rd2 Rg7
34. Ke3 Be6 35. Rf2 Rgg8 36. Kd4 Bg4 37. f5 gxf5 38. Rxg8 Kxg8 39. Bxf5 Kg7 40.
Bxg4 hxg4 41. Rf4 g3 42. Rg4+ Kf7 43. Rxg3 Rh8 44. Kxd5 Rxh4 45. e6+ Kf8 46.
Kd6 1-0

[Event "Druga liga centralne Srbije grupa "]
[Site "?"]
[Date "2016.10.07"]
[Round "7.5"]
[White "Markovic, Dragan P"]
[Black "Markovic, Sasa"]
[Result "0-1"]
[WhiteElo "2237"]
[BlackElo "2136"]
[PlyCount "99"]
[EventDate "2016.09.04"]

1. e4 c5 2. c3 e6 3. d4 d5 4. exd5 Qxd5 5. Nf3 Nf6 6. Be3 cxd4 7. cxd4 Bb4+ 8.
Nc3 O-O 9. a3 Bxc3+ 10. bxc3 b6 11. c4 Qd8 12. Be2 Bb7 13. O-O Nc6 14. h3 Ne7
15. Bf4 Nf5 16. g4 Ne7 17. Qb3 Ng6 18. Bh2 Ne4 19. Rfd1 f5 20. d5 Nc5 21. Qc2
fxg4 22. hxg4 exd5 23. cxd5 Nf4 24. Bf1 Rc8 25. Qa2 Qf6 26. Rd4 Ng6 27. Bg2 Kh8
28. Rad1 Rcd8 29. Bg3 Rd7 30. Qe2 Rfd8 31. Ne5 Nxe5 32. Qxe5 Qf7 33. Re1 Qg6
34. g5 Rf8 35. Qe3 Qf7 36. Rf4 Qg8 37. Rxf8 Qxf8 38. Qe8 Kg8 39. Qh5 Re7 40.
Rd1 Qf7 41. Qg4 Rd7 42. Qd4 Qf5 43. Qe3 Qf7 44. Qe5 Re7 45. Qb8+ Re8 46. Qf4
Qe7 47. Kh2 Bc8 48. Qc4 Kh8 49. d6 Qxg5 50. Qf4 0-1

[Event "Druga liga centralne Srbije grupa "]
[Site "?"]
[Date "2016.10.07"]
[Round "7.5"]
[White "Djokovic, Ivan"]
[Black "Milovanovic, Nenad"]
[Result "1/2-1/2"]
[WhiteElo "2191"]
[BlackElo "2149"]
[PlyCount "64"]
[EventDate "2016.09.04"]

1. c4 Nf6 2. g3 g6 3. b3 Bg7 4. Bb2 d6 5. Nf3 c6 6. Bg2 Bf5 7. O-O O-O 8. Nc3
Qc8 9. Re1 Ne4 10. Qc1 Nxc3 11. Bxc3 Na6 12. Bxg7 Kxg7 13. Qc3+ Kg8 14. e4 Bh3
15. Bh1 e5 16. d4 f6 17. Rad1 c5 18. dxe5 dxe5 19. Rd6 Qc7 20. Red1 Rad8 21.
Rxd8 Rxd8 22. Rxd8+ Qxd8 23. Qd2 Qxd2 24. Nxd2 Nb4 25. a3 Nc2 26. a4 Nd4 27. f3
Kf7 28. Kf2 h5 29. Bg2 Bd7 30. Bf1 Ke7 31. Be2 Kd6 32. Bd1 Be8 1/2-1/2

[Event "Druga liga centralne Srbije grupa "]
[Site "?"]
[Date "2016.10.07"]
[Round "7.5"]
[White "Osatovic, Milos"]
[Black "Jovanovic, Milovan"]
[Result "1/2-1/2"]
[WhiteElo "2117"]
[BlackElo "2102"]
[PlyCount "28"]
[EventDate "2016.09.04"]

1. d4 Nf6 2. c4 g6 3. Nc3 d5 4. Bf4 Bg7 5. e3 c6 6. h3 O-O 7. Nf3 h6 8. Bd3 Be6
9. c5 b6 10. b4 a5 11. a3 b5 12. O-O Nbd7 13. Qd2 Nh5 14. Bh2 f5 1/2-1/2

[Event "Druga liga centralne Srbije grupa "]
[Site "?"]
[Date "2016.10.07"]
[Round "7.5"]
[White "Markovic, Miroslav R"]
[Black "Simic, Goran S"]
[Result "1/2-1/2"]
[WhiteElo "2097"]
[BlackElo "2079"]
[PlyCount "22"]
[EventDate "2016.09.04"]

1. d4 d5 2. c4 e6 3. Nc3 Nf6 4. Bg5 c5 5. e3 cxd4 6. exd4 dxc4 7. Bxc4 Be7 8.
Nf3 O-O 9. O-O h6 10. Bh4 a6 11. Bd3 Nc6 1/2-1/2

[Event "Druga liga centralne Srbije grupa "]
[Site "?"]
[Date "2016.10.07"]
[Round "7.6"]
[White "Colovic, Dusan"]
[Black "Lekic, Dusan"]
[Result "1/2-1/2"]
[WhiteElo "2317"]
[BlackElo "2360"]
[PlyCount "20"]
[EventDate "2016.09.04"]

1. d4 d5 2. Bf4 c5 3. c3 cxd4 4. cxd4 Nc6 5. e3 Bf5 6. Nc3 Nf6 7. Bd3 Bxd3 8.
Qxd3 e6 9. Nge2 Bd6 10. O-O O-O 1/2-1/2